000 00935cam a22002413a 4500
001 16356
003 PGUSA
005 20140828083341.0
008 050724s2005||||xxu|||||s|||||000 | eng d
040 _aPGUSA
_beng
042 _adc
050 4 _aDA
100 1 _aBrannon, George
245 1 0 _aBrannon's Picture of The Isle of Wight :
_bThe Expeditious Traveller's Index to Its Prominent Beauties and Objects of Interest. Compiled Especially with Reference to Those Numerous Visitors Who Can Spare but Two or Three Days to Make the Tour of the Island.
_h[electronic resource] /
_cGeorge Brannon
260 _bProject Gutenberg,
_c2005
506 _aPublic domain in the USA.
516 _aElectronic text
653 _aIsle of Wight (England) -- Description and travel
653 _aIsle of Wight (England) -- Guidebooks
830 0 _aProject Gutenberg
_v16356
856 4 0 _uhttp://www.gutenberg.org/ebooks/16356
942 _cEB
999 _c245611
_d245611